<?xml version="1.0" encoding="UTF-8"?><?xml-stylesheet type="text/xsl" href="static/style.xsl"?><OAI-PMH xmlns="http://www.openarchives.org/OAI/2.0/" xmlns:xsi="http://www.w3.org/2001/XMLSchema-instance" xsi:schemaLocation="http://www.openarchives.org/OAI/2.0/ http://www.openarchives.org/OAI/2.0/OAI-PMH.xsd"><responseDate>2026-06-02T12:46:20Z</responseDate><request verb="GetRecord" identifier="oai:riuma.uma.es:10630/41074" metadataPrefix="marc">https://riuma.uma.es/rest/oai/request</request><GetRecord><record><header><identifier>oai:riuma.uma.es:10630/41074</identifier><datestamp>2026-02-03T11:39:02Z</datestamp><setSpec>com_10630_2254</setSpec><setSpec>col_10630_37956</setSpec></header><metadata><record xmlns="http://www.loc.gov/MARC21/slim" xmlns:dcterms="http://purl.org/dc/terms/" xmlns:doc="http://www.lyncode.com/xoai" xmlns:xsi="http://www.w3.org/2001/XMLSchema-instance" xsi:schemaLocation="http://www.loc.gov/MARC21/slim http://www.loc.gov/standards/marcxml/schema/MARC21slim.xsd">
   <leader>00925njm 22002777a 4500</leader>
   <datafield ind2=" " ind1=" " tag="042">
      <subfield code="a">dc</subfield>
   </datafield>
   <datafield ind2=" " ind1=" " tag="720">
      <subfield code="a">Rodríguez-Negrete, Edgar A.</subfield>
      <subfield code="e">author</subfield>
   </datafield>
   <datafield ind2=" " ind1=" " tag="720">
      <subfield code="a">Grande-Pérez, Ana</subfield>
      <subfield code="e">author</subfield>
   </datafield>
   <datafield ind2=" " ind1=" " tag="260">
      <subfield code="c">2024</subfield>
   </datafield>
   <datafield ind2=" " ind1=" " tag="520">
      <subfield code="a">Los virus de ADN monocatenario circular (ssDNA) están ampliamente distribuidos en procariotas y eucariotas, y su caracterización es esencial para comprender sus interacciones con los hospedadores. Este capítulo presenta un método sensible, rápido y específico para cuantificar las hebras en el sentido del virión (VS) y en el antisentido o complementario (CS) generadas durante la infección por virus ssDNA circulares, incluidos geminivirus como TYLCSV y TYLCV. El protocolo consta de una qPCR en dos pasos: primero, una copia única y específica de cada hebra mediante un cebador específico de cadena etiquetado y la ADN polimerasa T4, sin actividad de desplazamiento de hebra; después, la eliminación del cebador y la cuantificación por qPCR usando un cebador de etiqueta y uno específico. El método permite la cuantificación absoluta usando curvas estándar generadas con ssDNA o dsDNA circulares. Su aplicación en infecciones de tomate y Nicotiana benthamiana reveló diferencias en las relaciones VS/CS entre virus y hospedadores, y mostró que la mayoría de moléculas CS derivan de intermediarios de replicación de doble cadena. Esta técnica facilita el análisis detallado del proceso replicativo y de la dinámica de infección de virus ssDNA circulares.</subfield>
   </datafield>
   <datafield ind2=" " ind1=" " tag="520">
      <subfield code="a">Circular single-stranded DNA (ssDNA) viruses are widespread in both prokaryotes and eukaryotes, and analyzing their replication dynamics is essential for understanding virus–host interactions. This chapter describes a rapid, sensitive, and strand-specific method for quantifying virion-sense (VS) and complementary-sense (CS) DNA strands produced during infection by circular ssDNA viruses, including geminiviruses such as TYLCSV and TYLCV. The protocol involves a two-step qPCR: a first step in which a single copy of each strand is synthesized using a tagged strand-specific primer and T4 DNA polymerase lacking strand-displacement activity, followed by removal of unincorporated primers and a second qPCR step using a tag primer and a specific primer. Absolute quantification is achieved using standard curves generated from circular ssDNA or dsDNA. Application of this method to tomato and Nicotiana benthamiana infections revealed differences in VS/CS ratios between viruses and hosts and showed that most CS molecules derive from double-stranded replicative intermediates. This approach enables detailed examination of replication dynamics in circular ssDNA viruses.</subfield>
   </datafield>
   <datafield ind1="8" ind2=" " tag="024">
      <subfield code="a">2024. En E. P. B. Fontes &amp; K. Mäkinen (eds.), Plant–Virus Interactions, Methods in Molecular Biology, Vol. 2724, pp. 93–109. Springer Nature, New York.</subfield>
   </datafield>
   <datafield ind1="8" ind2=" " tag="024">
      <subfield code="a">https://hdl.handle.net/10630/41074</subfield>
   </datafield>
   <datafield ind1="8" ind2=" " tag="024">
      <subfield code="a">10.1007/978-1-0716-3485-1_8</subfield>
   </datafield>
   <datafield tag="653" ind2=" " ind1=" ">
      <subfield code="a">Virus fitopatógenos - Aspectos moleculares</subfield>
   </datafield>
   <datafield tag="653" ind2=" " ind1=" ">
      <subfield code="a">Virus con ADN</subfield>
   </datafield>
   <datafield ind2="0" ind1="0" tag="245">
      <subfield code="a">Quantification of Virion-Sense and Complementary-Sense DNA Strands of Circular Single-Stranded DNA Viruses</subfield>
   </datafield>
</record>
</metadata></record></GetRecord></OAI-PMH>